Practical sonography in obstetrics and gynecology / (Record no. 114110)

MARC details
000 -LEADER
fixed length control field 01225pam a2200337 a 4500
003 - CONTROL NUMBER IDENTIFIER
control field 0
008 - FIXED-LENGTH DATA ELEMENTS--GENERAL INFORMATION
fixed length control field
020 ## - INTERNATIONAL STANDARD BOOK NUMBER
International Standard Book Number 0781703352(hbk.)
050 10 - LIBRARY OF CONGRESS CALL NUMBER
Classification number RG527.5.U48
-- SEE
005 - DATE AND TIME OF LATEST TRANSACTION
control field 20230120203930.0
040 ## - CATALOGING SOURCE
Transcribing agency NUST
049 ## - LOCAL HOLDINGS (OCLC)
Holding library MAIN
100 1# - MAIN ENTRY--PERSONAL NAME
Personal name Seeds, John W.
245 10 - TITLE STATEMENT
Title Practical sonography in obstetrics and gynecology /
Statement of responsibility, etc. John W. Seeds, Nancy C. Chescheir, Ronald V. Wade.
250 ## - EDITION STATEMENT
Edition statement 2nd ed.
260 ## - PUBLICATION, DISTRIBUTION, ETC.
Place of publication, distribution, etc. Philadelphia :
Name of publisher, distributor, etc. Lippincott-Raven,
Date of publication, distribution, etc. c1996.
300 ## - PHYSICAL DESCRIPTION
Extent ix, 308 p. :
Other physical details ill. ;
Dimensions 25 cm.
500 ## - GENERAL NOTE
General note Rev. ed. of: Practical obstetrical ultrasound / John W. Seeds, Robert C. Cefalo. 1986.
504 ## - BIBLIOGRAPHY, ETC. NOTE
Bibliography, etc. note Includes bibliographical references and index.
650 #0 - SUBJECT ADDED ENTRY--TOPICAL TERM
Topical term or geographic name entry element Ultrasonics in obstetrics.
650 #0 - SUBJECT ADDED ENTRY--TOPICAL TERM
Topical term or geographic name entry element Generative organs, Female
General subdivision Ultrasonic imaging.
650 #2 - SUBJECT ADDED ENTRY--TOPICAL TERM
Topical term or geographic name entry element Ultrasonography, Prenatal.
650 #2 - SUBJECT ADDED ENTRY--TOPICAL TERM
Topical term or geographic name entry element Pregnancy Complications
General subdivision ultrasonography.
650 #2 - SUBJECT ADDED ENTRY--TOPICAL TERM
Topical term or geographic name entry element Genital Diseases, Female
General subdivision ultrasonography.
700 1# - ADDED ENTRY--PERSONAL NAME
Personal name Chescheir, Nancy.
700 1# - ADDED ENTRY--PERSONAL NAME
Personal name Wade, Ronald V.
700 1# - ADDED ENTRY--PERSONAL NAME
Personal name Seeds, John W.
Title of a work Practical obstetrical ultrasound.
740 0# - ADDED ENTRY--UNCONTROLLED RELATED/ANALYTICAL TITLE
Uncontrolled related/analytical title Practical obstetrical ultrasound.
907 ## - LOCAL DATA ELEMENT G, LDG (RLIN)
a .b10203333
b 08-05-08
c 18-05-06
942 ## - ADDED ENTRY ELEMENTS (KOHA)
Koha item type Ordinary Loan Books
Holdings
Date last seen Total Checkouts Full call number Barcode Accession number Cost, replacement price Price effective from Koha item type Public note Lost status Source of classification or shelving scheme Damaged status Not for loan Collection Withdrawn status Home library Current library Shelving location Date acquired Source of acquisition Cost, normal purchase price
01/20/2023 12 RG527.5.U48 SEE 92004002125 16170 30.00 05/16/2023 BOOKS Donation   LCC     NFIC   Medical Medical GEN 05/16/2023 Book Aid International 30.00